Insects of Canada (Registro nro. 681)

Detalles MARC
000 -CABECERA
Campo de control 00803nam a2200253 a 4500
005 - FECHA Y HORA DE LA ULTIMA TRANSACCION
Campo de control 20150922095919.0
008 - ELEMENTOS DE LONGITUD FIJA—INFORMACION GENERAL
Campo de control 140221b1998 -CN||||| |||| 00| 0 eng d
020 ## - ISBN
ISBN 0969272723
040 ## - FUENTE DE CATALOGACIÓN
Agencia catalogadora original CO-BoIAVH
Agencia transcriptora CO-BoIAVH
041 ## - IDIOMA
Código de idioma para texto/pista de sonido o título separado Inglés
044 ## - PAÍS DE PUBLICACIÓN
País de publicación Canadá
082 ## - NUMERO DE CLASIFICACION DECIMAL DEWEY
Número de clasificación 595.7097
111 ## - ASIENTO PRINCIPAL--NOMBRE DE REUNION
Nombre de reunión o de jurisdicción como elemento de entrada International Congress of Entomology
Lugar de la reunión Vancouver
Fecha de la reunión 1988
245 ## - MENCION DE TITULO
Título Insects of Canada
Parte restante del título a synopsis prepared for delegates to the XVIIIth International Congress of Entomology
260 ## - PUBLICACION, DISTRIBUCION, ETC. (PIE DE IMPRENTA)
Lugar de publicación, distribución, etc. Ottawa
Nombre del editor, distribuidor, etc. Biological Survey of Canadá
Fecha de publicación, distribución, etc. 1988
300 ## - DESCRIPCION FISICA
Extensión 18 p.
650 ## - ASIENTO SECUNDARIO DE MATERIA - TERMINO TEMATICO
Término temático o nombre geográfico como elemento de entrada Insectos
650 ## - ASIENTO SECUNDARIO DE MATERIA - TERMINO TEMATICO
Término temático o nombre geográfico como elemento de entrada Distribución geográfica
650 ## - ASIENTO SECUNDARIO DE MATERIA - TERMINO TEMATICO
Término temático o nombre geográfico como elemento de entrada Historia natural
650 ## - ASIENTO SECUNDARIO DE MATERIA - TERMINO TEMATICO
Término temático o nombre geográfico como elemento de entrada Adaptación
650 ## - ASIENTO SECUNDARIO DE MATERIA - TERMINO TEMATICO
Término temático o nombre geográfico como elemento de entrada Colecciones biológicas
Subdivisión geográfica Canada
662 ## - ASIENTO SECUNDARIO DE MATERIA - JERARQUIA DEL NOMBRE DE LUGAR(
País o entidad mayor Canada
942 ## - ELEMENTOS ADICIONALES (KOHA)
Tipo de ítem Libro
Sistema de clasificación Dewey Decimal Classification
Existencias
Withdrawn status Lost status Sistema de Clasificación Damaged status No para préstamo Colección Inventariado Ubicación Permanente Ubicación actual Fecha de adquisición Fuente de Valor Valor Total Checkouts Número topográfico Inventario / Código de Barras Date last seen Ejemplar Price effective from Forma de adquisición Tipo de material Fecha publicación (Año)
    Dewey Decimal Classification     General Inventariado 2017 Bogotá Bogotá 22/09/2015 Instituto 10000.00   LB-595.7097 000965 04/12/2012 Ej. 2 04/12/2012   Libro 1988
    Local     Entomología Inventariado 2017 Villa de Leyva Villa de Leyva 07/02/1998 Instituto 10000.00   LB-00666 000964 23/10/2017 Ej. 1 04/12/2012   Libro